Born in Kingston upon Hull - Statistics

General Stats
  • This quiz has been taken 47 times
    33 since last reset
  • The average score is 4 of 11
Answer Stats
Hint Answer % Correct
Politician and leader of the movement to abolish the slave trade 1759 William Wilberforce
93%
First woman to fly solo from Great Britain to Australia 1903 Amy Johnson
67%
Former boxer and Olympic champion 1987 Luke Campbell
44%
Footballer who plays for Fulham and the Welsh national team 1997 Daniel James
33%
Footballer who plays for Leeds United and the Scottish national team 1991 Liam Cooper
33%
Actor and comedian, co-creator and star of "Psychoville" and "Inside No. 9" 1969 Reece Shearsmith
26%
Regarded as the father of the Football Association and modern football 1831 Ebenezer Cobb Morley
15%
Actor, "Doctor Zhivago" "The Loneliness of the Long Distance Runner" "45 Years" 1937 Tom Courtenay
15%
Actor, best known for his role as Elrond in "The Rings of Power" 1992 Robert Aramayo
11%
Youngest winner of the Laurence Olivier Award for Best Actor in a Leading Role in a Musical for his lead role in the original cast of "Billy Elliot the Musical" 1992 Liam Mower
7%
First United Kingdom representative in the Eurovision Song Contest 1935 Patricia Bredin
7%
No matching quizzes found
Score Distribution
Percent of People with Each Score
Percentile by Number Answered
Your Score History
You have not taken this quiz since the last reset